MAASAI MARA UNIVERSITY

LIBRARY CATALOGUE

Contact Us: +254 020 2685356/7 or 0774 057787

Box: 861-20500, NAROK, KENYA

Email: info@mmarau.ac.ke

Sleep disorders sourcebook : (Record no. 15917)

MARC details
000 -LEADER
fixed length control field 01553nam a22003137a 4500
003 - CONTROL NUMBER IDENTIFIER
control field OSt
005 - DATE AND TIME OF LATEST TRANSACTION
control field 20170518095757.0
008 - FIXED-LENGTH DATA ELEMENTS--GENERAL INFORMATION
fixed length control field 151116b xxu||||| |||| 00| 0 eng d
010 ## - LIBRARY OF CONGRESS CONTROL NUMBER
LC control number 2004028389
040 ## - CATALOGING SOURCE
Original cataloging agency DLC
Transcribing agency DLC
Modifying agency DLC
042 ## - AUTHENTICATION CODE
Authentication code pcc
050 00 - LIBRARY OF CONGRESS CALL NUMBER
Classification number RC547
Item number .S536 2005
082 00 - DEWEY DECIMAL CLASSIFICATION NUMBER
Classification number 616.8/498
Edition number 22
245 00 - TITLE STATEMENT
Title Sleep disorders sourcebook :
Remainder of title basic consumer health information about sleep and sleep disorders, including insomnia, sleep apnea, restless legs syndrome, narcolepsy, parasomnias, and other health problems that affect sleep, plus facts about diagnostic procedures, treatment strategies, sleep medications, and tips for improving sleep quality ; along with a glossary of related terms and resources for additional help and information /
Statement of responsibility, etc. edited by Amy L. Sutton.
250 ## - EDITION STATEMENT
Edition statement 2nd ed.
260 ## - PUBLICATION, DISTRIBUTION, ETC. (IMPRINT)
Place of publication, distribution, etc. Detroit, MI :
Name of publisher, distributor, etc. Omnigraphics,
Date of publication, distribution, etc. c2005.
300 ## - PHYSICAL DESCRIPTION
Extent xvi, 567 p. ;
Dimensions 23 cm.
490 1# - SERIES STATEMENT
Series statement Health reference series
504 ## - BIBLIOGRAPHY, ETC. NOTE
Bibliography, etc Includes bibliographical references and index.
650 #0 - SUBJECT ADDED ENTRY--TOPICAL TERM
Topical term or geographic name as entry element Sleep disorders.
650 #0 - SUBJECT ADDED ENTRY--TOPICAL TERM
Topical term or geographic name as entry element Consumer education.
700 1# - ADDED ENTRY--PERSONAL NAME
Personal name Sutton, Amy L.
830 #0 - SERIES ADDED ENTRY--UNIFORM TITLE
Uniform title Health reference series (Unnumbered)
856 41 - ELECTRONIC LOCATION AND ACCESS
Materials specified Table of contents
Uniform Resource Identifier <a href="http://www.loc.gov/catdir/toc/ecip054/2004028389.html">http://www.loc.gov/catdir/toc/ecip054/2004028389.html</a>
856 42 - ELECTRONIC LOCATION AND ACCESS
Materials specified Book review (E-STREAMS)
Uniform Resource Identifier <a href="http://www.e-streams.com/es0809/es0809_4316.html">http://www.e-streams.com/es0809/es0809_4316.html</a>
906 ## - LOCAL DATA ELEMENT F, LDF (RLIN)
a 7
b cbc
c orignew
d 1
e ecip
f 20
g y-gencatlg
942 ## - ADDED ENTRY ELEMENTS (KOHA)
Source of classification or shelving scheme Library of Congress Classification
Koha item type R

No items available.

© 2016 Maasai Mara University.